|
|
|
|
| LEADER |
00646nab a2200181 i 4500 |
| 001 |
acta656 |
| 005 |
20210310130108.0 |
| 008 |
161015s1964 hu o 0|| rus d |
| 022 |
|
|
|a 0586-3732
|
| 040 |
|
|
|a SZTE Egyetemi Kiadványok Repozitórium
|b hun
|
| 041 |
|
|
|a rus
|
| 100 |
2 |
|
|a H. Tóth Imre
|
| 245 |
1 |
3 |
|a Iz slovarâ evangeliâ no. 104 rumâncevskogo fonda Gosudarstvennoj Biblioteki SSSR im. V. I. Lenina
|h [elektronikus dokumentum] /
|c H. Tóth Imre
|
| 260 |
|
|
|c 1964
|
| 300 |
|
|
|a 15-17
|
| 490 |
0 |
|
|a Dissertationes slavicae
|v 2
|
| 695 |
|
|
|a Nyelvtudomány
|
| 856 |
4 |
0 |
|u http://acta.bibl.u-szeged.hu/656/1/dissert_slav_002_015-017.pdf
|z Dokumentum-elérés
|